| 000 | 00000nam##2200000za#4500 |
| 001 | 9.590764 |
| 003 | CaOODSP |
| 005 | 20250403104940 |
| 007 | cr ||||||||||| |
| 008 | 150406|2001||||xxc|||||o f|0| 0 fre|d |
| 020 | |a0-660-96429-5 |
| 022 | |a1205-9161 |
| 040 | |aCaOODSP|bfre |
| 043 | |an-cn--- |
| 086 | 1 |aCS11-0019/153F-PDF |
| 245 | 00|aTaux d'emploi et participation à la vie active des Canadiennes vivant en milieu rural / |h[ressource électronique]|cpar Euan Phimister, Esperanza Vera-Toscano et Alfons Weersink. |
| 260 | |aOttawa - Ontario : |bStatistique Canada |cJanvier 2001. |
| 300 | |a21p.|bréférences, tableaux |
| 490 | 1 |aDocuments de recherche - Direction des études analytiques|x1205-9161|vN° 153 |
| 500 | |aLe n° de catalogue (11F0019MPF) et l'ISSN (1200-5231) de l'édition imprimée ont été incorrectement copiés dans l'édition électronique. |
| 590 | |a12-34-Supp|b2012-07-31 |
| 710 | 2 |aStatistique Canada. |
| 720 | 1 |aPhimister, Euan |
| 720 | 1 |aVera-Toscano, Esperanza |
| 720 | 1 |aWeersink, Alfons |
| 775 | 08|tFemale employment rates and labour market attachment in rural Canada / |w(CaOODSP)9.557509 |
| 776 | 0#|tTaux d'emploi et participation à la vie active des Canadiennes vivant en milieu rural / |w(CaOODSP)9.625477 |
| 830 | #0|aDocuments de recherche (Statistique Canada. Direction des études analytiques)|x1205-9161|vN° 153|w(CaOODSP)9.500842 |
| 856 | 40|ahttp://publications.gc.ca|qPDF|s92 Ko|uhttps://publications.gc.ca/collections/collection_2012/statcan/11f0019m/11f0019m2001153-fra.pdf|yN° 153 |